| 000 | 01217nam a22003737a 4500 | ||
|---|---|---|---|
| 001 | 0043226 | ||
| 003 | KOHA_MİRAKIL | ||
| 005 | 20260207003341.0 | ||
| 007 | ta | ||
| 008 | 130730b2007 tu |||gr||||#||||1|tur | | ||
| 020 | _a9789944771382 | ||
| 020 | _a9944771384 | ||
| 040 |
_aTR-BiSEU _btur _cTR-BiSEU _erda |
||
| 041 | 0 | _atur | |
| 044 | _ctu | ||
| 050 |
_aPN6519.Y2 _bS24 2007 |
||
| 245 | 1 |
_aSaha Türklerinin Atasözleri : _b inceleme - metin/ _cDoç. Dr. Fatih Kirişçioğlu.. |
|
| 264 | 1 |
_aAnkara : _bNobel Yayın Dağıtım _c2007 |
|
| 300 |
_a150 sayfa ; _c24 cm. |
||
| 336 |
_ametin _btxt _2rdacontent |
||
| 337 |
_aaracısız _bn _2rdamedia |
||
| 338 |
_acilt _bnc _2rdacarrier |
||
| 490 | 1 |
_aNobel yayın ; _vno. |
|
| 490 | 1 |
_a1139 Sosyal Bilimler dizisi ; _v66 |
|
| 500 | _aÖzgün adı; Yakut proverbs in Cyrillic and romanized Yakut with their modern Turkish versions. | ||
| 500 | _aKaynakça ve dizin var. | ||
| 650 | 0 |
_aAtasözleri, Yakut. _980551 |
|
| 650 | 0 |
_aProverbs, Yakut. _980552 |
|
| 650 | 0 |
_aAtasözleri, Türk. _980553 |
|
| 650 | 0 |
_aProverbs, Turkic. _980554 |
|
| 830 | 1 |
_aNobel yayın ; _vno. _91510 |
|
| 830 | 1 |
_a1139 Sosyal Bilimler dizisi ; _v66 _980555 |
|
| 942 |
_2lcc _cBK |
||
| 999 |
_c43047 _d43047 |
||